[Event "Saint Louis Spring-A"]
[Site "Saint Louis"]
[Date "2024.04.19"]
[Round "9"]
[White "Swiercz, Dariusz"]
[Black "Hakobyan, Aram"]
[Result "1/2-1/2"]
[WhiteElo "2612"]
[BlackElo "2619"]
[PlyCount "84"]
[EventDate "2024.04.11"]
[EventType "tourn"]
[EventRounds "9"]
[EventCountry "USA"]
[EventCategory "15"]
[SourceTitle "CB17_2024"]
[SourceDate "2024.04.24"]
[SourceVersion "1"]
[SourceVersionDate "2024.04.24"]
[SourceQuality "1"]

1. d4 Nf6 2. c4 e6 3. Nc3 Bb4 4. e3 0-0 5. Bd3 c5 6. Nge2 Nc6 7. 0-0 d5 8. cxd5 exd5 9. a3 c4 10. Bc2 Ba5 11. f3 a6 12. Kh1 Re8 13. h3 b5 14. e4 dxe4 15. fxe4 Bxc3 16. bxc3 Nxe4 17. d5 Na5 18. Bxe4 Rxe4 19. Ng3 Re5 20. Qf3 Qd7 21. Nh5 Qf5 22. Bf4 Rxd5 23. Qe3 Bb7 24. Rae1 Bc6 25. Bb8 Qd7 26. Nf6+ gxf6 27. Rxf6 Kh8 28. Qg3 Rxb8 29. Qxb8+ Kg7 30. Ref1 Rg5 31. Rxf7+ Qxf7 32. Rxf7+ Kxf7 33. Qc7+ Ke8 34. Qc8+ Kf7 35. Qc7+ Ke6 36. Qxa5 Rxg2 37. Qxa6 Kd6 38. Qa5 Rg3+ 39. Kh2 Rg2+ 40. Kh1 Rg3+ 41. Kh2 Rg2+ 42. Kh1 Ke5 1/2-1/2

[Event "American Cup Blitz"]
[Site "Saint Louis"]
[Date "2024.03.21"]
[Round "3"]
[White "Quesada Perez, Yuniesky"]
[Black "Swiercz, Dariusz"]
[Result "1-0"]
[WhiteElo "2591"]
[BlackElo "2612"]
[PlyCount "131"]
[EventDate "2024.03.21"]
[EventType "swiss (blitz)"]
[EventRounds "7"]
[EventCountry "USA"]
[SourceTitle "CB13_2024"]
[SourceDate "2024.03.27"]
[SourceVersion "1"]
[SourceVersionDate "2024.03.27"]
[SourceQuality "1"]

1. e4 e5 2. Nf3 Nc6 3. Bc4 Nf6 4. d3 Bc5 5. c3 d6 6. Bg5 h6 7. Bh4 a6 8. a4 Ba7 9. Nbd2 g5 10. Bg3 Qe7 11. b4 Nh7 12. 0-0 h5 13. h4 g4 14. Ne1 Nf8 15. b5 Nd8 16. d4 Ng6 17. dxe5 dxe5 18. Nd3 0-0 19. Kh1 Ne6 20. bxa6 bxa6 21. Bd5 Rb8 22. Nc4 f6 23. Nb4 Rxb4 24. cxb4 Kg7 25. Ne3 Nd4 26. Rc1 Rd8 27. Qd3 c6 28. Bc4 Nf4 29. Qc3 Nde2 30. Bxe2 Nxe2 31. Qa3 Nxc1 32. Rxc1 Qe6 33. Nf5+ Kh7 34. Qc3 Bb7 35. Qc2 Rd7 36. Rd1 Bc8 37. Rxd7+ Qxd7 38. Qc1 Kg8 39. Qh6 Qf7 40. Nd6 Qe6 41. Qg6+ Kf8 42. Nxc8 Bd4 43. Qh6+ Ke8 44. Qxh5+ Kd7 45. Qh8 Qc4 46. h5 Qf1+ 47. Kh2 Bxf2 48. Qg7+ Kxc8 49. Qf8+ Kb7 50. Qe7+ Kb8 51. Qd8+ Kb7 52. Bxf2 Qxf2 53. Qe7+ Kb8 54. Qd8+ Kb7 55. Qd7+ Kb8 56. Qxg4 Qe3 57. Qg8+ Kb7 58. Qg7+ Kb6 59. Qxf6 Qxe4 60. h6 Qh7 61. Qf2+ Kb7 62. Qf6 Kb6 63. Qg7 Qe4 64. Qg5 Qh7 65. Kh3 e4 66. a5+ 1-0

[Event "Saint Louis Winter Blitz"]
[Site "Saint Louis"]
[Date "2023.12.20"]
[Round "11.5"]
[White "Raja, Harshit"]
[Black "Swiercz, Dariusz"]
[Result "0-1"]
[WhiteElo "2509"]
[BlackElo "2615"]
[PlyCount "60"]
[EventDate "2023.12.20"]
[EventType "schev (blitz)"]
[EventRounds "12"]
[EventCountry "USA"]
[SourceTitle "CB52_2023"]
[SourceDate "2023.12.27"]
[SourceVersion "1"]
[SourceVersionDate "2023.12.27"]
[SourceQuality "1"]
[WhiteTeam "Team A"]
[BlackTeam "Team B"]
[WhiteTeamCountry "USA"]
[BlackTeamCountry "USA"]

1. e4 c6 2. Nf3 d5 3. d3 dxe4 4. dxe4 Qxd1+ 5. Kxd1 Nf6 6. Nfd2 g5 7. Nc3 g4 8. a4 h5 9. Nc4 Be6 10. Be3 Bh6 11. a5 Bxc4 12. Bxc4 Bxe3 13. fxe3 Nbd7 14. Ke2 Ne5 15. Bb3 e6 16. Ra4 Nfd7 17. Rb4 b5 18. axb6 axb6 19. Rd4 Ke7 20. Rhd1 Nc5 21. Rb4 b5 22. Rbd4 h4 23. Nb1 h3 24. g3 Nf3 25. Rd6 Nxe4 26. Rxc6 Nxh2 27. Rc7+ Kf6 28. Nc3 Nxc3+ 29. bxc3 Nf3 30. Kf2 Rad8 0-1

[Event "Saint Louis Winter Blitz"]
[Site "Saint Louis"]
[Date "2023.12.20"]
[Round "10.6"]
[White "Stearman, Josiah P"]
[Black "Swiercz, Dariusz"]
[Result "0-1"]
[WhiteElo "2479"]
[BlackElo "2615"]
[PlyCount "90"]
[EventDate "2023.12.20"]
[EventType "schev (blitz)"]
[EventRounds "12"]
[EventCountry "USA"]
[SourceTitle "CB52_2023"]
[SourceDate "2023.12.27"]
[SourceVersion "1"]
[SourceVersionDate "2023.12.27"]
[SourceQuality "1"]
[WhiteTeam "Team A"]
[BlackTeam "Team B"]
[WhiteTeamCountry "USA"]
[BlackTeamCountry "USA"]

1. e4 c6 2. d4 d5 3. e5 Bf5 4. h4 h5 5. c4 e6 6. Nc3 dxc4 7. Bg5 Be7 8. Bxe7 Nxe7 9. Bxc4 Nd7 10. Nge2 Nb6 11. Bd3 Nbd5 12. Bxf5 Nxf5 13. Ne4 Qa5+ 14. Qd2 Qxd2+ 15. Kxd2 0-0-0 16. g3 b6 17. Rhc1 Kb7 18. a3 Nc7 19. Rc4 Nb5 20. Rd1 c5 21. Kd3 Rd7 22. b4 Nxa3 23. bxc5 Nxc4 24. Kxc4 Rc8 25. N2c3 a6 26. Ne2 Rc6 27. Rb1 Kc7 28. Ra1 Rd8 29. Nd6 Nxd6+ 30. exd6+ Rdxd6 31. Nc3 bxc5 32. dxc5 Rd2 33. Ne4 Rd5 34. f4 f5 35. Ng5 Rcxc5+ 36. Kb4 Rb5+ 37. Kc4 Rbc5+ 38. Kb4 a5+ 39. Ka4 Rd4+ 40. Kb3 Rb4+ 41. Ka3 Rc3+ 42. Ka2 Rc2+ 43. Ka3 Rc3+ 44. Ka2 Ra4+ 45. Kb2 Rxa1 0-1

[Event "Saint Louis Winter Blitz"]
[Site "Saint Louis"]
[Date "2023.12.20"]
[Round "6.4"]
[White "Swiercz, Dariusz"]
[Black "Bruzon Batista, Lazaro"]
[Result "0-1"]
[WhiteElo "2615"]
[BlackElo "2594"]
[PlyCount "100"]
[EventDate "2023.12.20"]
[EventType "schev (blitz)"]
[EventRounds "12"]
[EventCountry "USA"]
[SourceTitle "CB52_2023"]
[SourceDate "2023.12.27"]
[SourceVersion "1"]
[SourceVersionDate "2023.12.27"]
[SourceQuality "1"]
[WhiteTeam "Team B"]
[BlackTeam "Team A"]
[WhiteTeamCountry "USA"]
[BlackTeamCountry "USA"]

1. e4 c5 2. Nf3 d6 3. d4 cxd4 4. Nxd4 Nf6 5. Nc3 a6 6. Be2 e5 7. Nb3 Be7 8. 0-0 0-0 9. Qd3 Be6 10. Bd2 Nbd7 11. Nd5 Bxd5 12. exd5 b6 13. c4 a5 14. Rae1 g6 15. Bc3 a4 16. Nd2 Ne8 17. Kh1 Bf6 18. Bg4 Nc5 19. Qc2 Bg7 20. b4 axb3 21. axb3 f5 22. Be2 Nf6 23. b4 Ncd7 24. Ra1 Qc7 25. Qb2 h6 26. Rxa8 Rxa8 27. Ra1 Rc8 28. Qb3 Kh7 29. Bb2 e4 30. Kg1 h5 31. Bd4 Re8 32. Qa4 Nxd5 33. Bxg7 Nf4 34. Bb2 Nxe2+ 35. Kf1 Nf4 36. Qa7 Qc6 37. b5 Qc8 38. Bd4 Re7 39. Qa8 Qxa8 40. Rxa8 Ne6 41. Bc3 Ndc5 42. Rb8 f4 43. Rxb6 Na4 44. Rxd6 Nxc3 45. b6 e3 46. fxe3 fxe3 47. Nf3 e2+ 48. Ke1 Nf4 49. g3 Ng2+ 50. Kf2 Ne4+ 0-1

[Event "Saint Louis Winter Blitz"]
[Site "Saint Louis"]
[Date "2023.12.20"]
[Round "9.6"]
[White "Swiercz, Dariusz"]
[Black "Stearman, Josiah P"]
[Result "1-0"]
[WhiteElo "2615"]
[BlackElo "2479"]
[PlyCount "121"]
[EventDate "2023.12.20"]
[EventType "schev (blitz)"]
[EventRounds "12"]
[EventCountry "USA"]
[SourceTitle "CB52_2023"]
[SourceDate "2023.12.27"]
[SourceVersion "1"]
[SourceVersionDate "2023.12.27"]
[SourceQuality "1"]
[WhiteTeam "Team B"]
[BlackTeam "Team A"]
[WhiteTeamCountry "USA"]
[BlackTeamCountry "USA"]

1. Nf3 c5 2. b3 Nf6 3. Bb2 g6 4. c4 Bg7 5. g3 0-0 6. Bg2 d6 7. d4 cxd4 8. Nxd4 a6 9. 0-0 Qc7 10. Nc3 Nc6 11. Rc1 Nxd4 12. Qxd4 Be6 13. Rfd1 Rac8 14. Qd2 Rfd8 15. h4 Qd7 16. Ne4 Nxe4 17. Bxe4 Bxb2 18. Qxb2 Bf5 19. Bg2 Bh3 20. Bh1 Rc5 21. b4 Re5 22. Qxe5 dxe5 23. Rxd7 Rxd7 24. a4 Bg4 25. e3 Bd1 26. a5 Ba4 27. Be4 e6 28. Rb1 f5 29. Bg2 e4 30. Bf1 Kf7 31. b5 Bc2 32. Rb2 Bd3 33. bxa6 bxa6 34. Rb6 Rc7 35. Rxa6 Rxc4 36. Bxd3 exd3 37. Rd6 Ra4 38. Rxd3 Rxa5 39. Rd7+ Kg8 40. Kg2 Ra2 41. Re7 Ra6 42. Kf3 h6 43. Kf4 Kf8 44. Rh7 Kg8 45. Rb7 Ra2 46. f3 Ra5 47. Re7 Kf8 48. Rxe6 Kf7 49. Rb6 Ra4+ 50. e4 fxe4 51. fxe4 Ra1 52. Rb7+ Ke6 53. Rb6+ Kf7 54. Rd6 h5 55. Kg5 Ra5+ 56. Rd5 Ra3 57. Kf4 Ra6 58. Rb5 Kf6 59. Rc5 Kf7 60. Rd5 Kf6 61. Rd6+ 1-0

[Event "Saint Louis Winter"]
[Site "Saint Louis"]
[Date "2023.12.17"]
[Round "3.4"]
[White "Bruzon Batista, Lazaro"]
[Black "Swiercz, Dariusz"]
[Result "1/2-1/2"]
[WhiteElo "2594"]
[BlackElo "2615"]
[PlyCount "86"]
[EventDate "2023.12.16"]
[EventType "schev"]
[EventRounds "6"]
[EventCountry "USA"]
[SourceTitle "CB52_2023"]
[SourceDate "2023.12.27"]
[SourceVersion "1"]
[SourceVersionDate "2023.12.27"]
[SourceQuality "1"]
[WhiteTeam "Team A"]
[BlackTeam "Team B"]
[WhiteTeamCountry "USA"]
[BlackTeamCountry "USA"]

1. e4 c6 2. d4 d5 3. Nc3 dxe4 4. Nxe4 Nf6 5. Nxf6+ exf6 6. Be3 Na6 7. c3 Nc7 8. Bd3 Bd6 9. Ne2 0-0 10. c4 Bg4 11. 0-0 Ne6 12. f3 Bh5 13. Qc2 Bg6 14. Rad1 Re8 15. Kh1 Qc7 16. Bg1 Rad8 17. a3 a6 18. g3 Ng5 19. Bxg6 hxg6 20. Rd3 Qc8 21. Nc3 Qf5 22. g4 Qc8 23. d5 Nh3 24. c5 Bf4 25. d6 Qe6 26. Rd4 Be5 27. Rb4 Nxg1 28. Rxg1 b5 29. Re1 Qd7 30. Rbe4 g5 31. Nd1 Re6 32. Nf2 Rde8 33. Nd3 Bd4 34. Rxd4 Rxe1+ 35. Nxe1 Rxe1+ 36. Kg2 Qe6 37. Qf2 Re2 38. d7 Qe3 39. d8Q+ Kh7 40. Qxe2 Qxe2+ 41. Kg1 Qe1+ 42. Kg2 Qe2+ 43. Kg1 Qe1+ 1/2-1/2

[Event "USA-ch"]
[Site "Saint Louis"]
[Date "2023.10.15"]
[Round "9"]
[White "Swiercz, Dariusz"]
[Black "Xiong, Jeffery"]
[Result "1/2-1/2"]
[WhiteElo "2620"]
[BlackElo "2693"]
[PlyCount "89"]
[EventDate "2023.10.05"]
[EventType "tourn"]
[EventRounds "11"]
[EventCountry "USA"]
[EventCategory "18"]
[SourceTitle "EXT 2024"]
[Source "ChessBase"]
[SourceDate "2023.10.10"]
[SourceVersion "1"]
[SourceVersionDate "2023.10.10"]
[SourceQuality "1"]

1. d4 d5 2. c4 dxc4 3. Nf3 a6 4. e3 Nf6 5. Bxc4 e6 6. 0-0 c5 7. Re1 Nc6 8. Nc3 Be7 9. dxc5 Qxd1 10. Rxd1 Bxc5 11. Bd2 0-0 12. Rac1 Bd7 13. Be2 Ba7 14. Ng5 Ne5 15. Nce4 Nd5 16. Nd6 h6 17. Nf3 Nxf3+ 18. Bxf3 Bc6 19. Ba5 f5 20. b3 f4 21. e4 Nf6 22. e5 Bxf3 23. gxf3 Nd5 24. Nxb7 Rf5 25. Nd6 Rxe5 26. Ne4 Nf6 27. Bc7 Nxe4 28. Bxe5 Nxf2 29. Kg2 Nxd1 30. Rxd1 Rc8 31. Rd7 Rc2+ 32. Kh3 Be3 33. Rxg7+ Kf8 34. Rg6 Kf7 35. Rf6+ Ke7 36. Rxh6 Rxa2 37. Rh7+ Ke8 38. Rh6 Ke7 39. Rh7+ Ke8 40. Rh4 Rf2 41. Kg4 Rg2+ 42. Kh3 Rf2 43. Kg4 Rg2+ 44. Kh3 Rf2 45. Kg4 1/2-1/2

[Event "USA-ch"]
[Site "Saint Louis"]
[Date "2023.10.11"]
[Round "6"]
[White "Shankland, Samuel L"]
[Black "Swiercz, Dariusz"]
[Result "1/2-1/2"]
[WhiteElo "2698"]
[BlackElo "2620"]
[PlyCount "164"]
[EventDate "2023.10.05"]
[EventType "tourn"]
[EventRounds "11"]
[EventCountry "USA"]
[EventCategory "18"]
[SourceTitle "EXT 2024"]
[Source "ChessBase"]
[SourceDate "2023.10.10"]
[SourceVersion "1"]
[SourceVersionDate "2023.10.10"]
[SourceQuality "1"]

1. e4 e5 2. Nf3 Nc6 3. Bb5 a6 4. Ba4 Nf6 5. 0-0 Be7 6. Re1 b5 7. Bb3 0-0 8. a4 b4 9. d4 d6 10. dxe5 dxe5 11. Bg5 Qxd1 12. Rxd1 Nxe4 13. Bxe7 Nxe7 14. Nxe5 Nc5 15. Nd2 Bf5 16. Ndf3 Nxb3 17. cxb3 Rfd8 18. Rdc1 f6 19. Nc4 Rac8 20. Re1 Nc6 21. Rac1 Bg4 22. Ncd2 Na5 23. Re3 c5 24. h3 Bh5 25. Nc4 Nxc4 26. Rxc4 Bxf3 27. Rxf3 Rd1+ 28. Kh2 Rd2 29. Rf5 Rxb2 30. Rfxc5 Rxc5 31. Rxc5 Rxf2 32. Ra5 Rb2 33. Rxa6 Rxb3 34. Rb6 Kf7 35. a5 g5 36. g4 Kg6 37. a6 Ra3 38. Rxb4 Rxa6 39. Rb2 h5 40. Rf2 Ra4 41. Kg3 Kf7 42. Re2 Rb4 43. Ra2 Kg6 44. Rf2 Rb6 45. Kg2 Rd6 46. Kg3 Rd3+ 47. Kg2 Rd4 48. Kg3 Kf7 49. Re2 Rc4 50. Ra2 Re4 51. Rb2 h4+ 52. Kg2 Ke6 53. Rf2 Rf4 54. Ra2 Rd4 55. Rf2 Rd3 56. Kh2 Rd6 57. Kg2 Ke5 58. Rf5+ Ke4 59. Rf2 Rc6 60. Re2+ Kd4 61. Rf2 Ke3 62. Rf3+ Ke4 63. Rf2 Kd3 64. Rf3+ Kd4 65. Rf2 Ke4 66. Re2+ Kd3 67. Kf2 Ra6 68. Re3+ Kd4 69. Rf3 Rc6 70. Kg2 Rc2+ 71. Kf1 Rc3 72. Rxf6 Rxh3 73. Rf5 Ke4 74. Rxg5 Kf3 75. Kg1 Rg3+ 76. Kh2 Rxg4 77. Rxg4 Kxg4 78. Kg2 h3+ 79. Kh2 Kh4 80. Kh1 Kg3 81. Kg1 h2+ 82. Kh1 Kh3 1/2-1/2

[Event "USA-ch"]
[Site "Saint Louis"]
[Date "2023.10.08"]
[Round "4"]
[White "Caruana, Fabiano"]
[Black "Swiercz, Dariusz"]
[Result "1-0"]
[WhiteElo "2786"]
[BlackElo "2620"]
[PlyCount "159"]
[EventDate "2023.10.05"]
[EventType "tourn"]
[EventRounds "11"]
[EventCountry "USA"]
[EventCategory "18"]
[SourceTitle "EXT 2024"]
[Source "ChessBase"]
[SourceDate "2023.10.10"]
[SourceVersion "1"]
[SourceVersionDate "2023.10.10"]
[SourceQuality "1"]

1. e4 e5 2. Nf3 Nc6 3. Bc4 Nf6 4. d3 Bc5 5. 0-0 d6 6. c3 a6 7. a4 h6 8. Nbd2 0-0 9. h3 a5 10. Re1 Be6 11. b3 Re8 12. Bb5 Bd7 13. Nf1 Nb8 14. Bxd7 Nbxd7 15. Ne3 Bxe3 16. Bxe3 d5 17. exd5 Nxd5 18. Bd2 c5 19. Qc2 Qc7 20. Re2 Re6 21. Rae1 Rae8 22. Qb1 N7f6 23. Nh4 b6 24. Nf5 Qd7 25. Nh4 Nh5 26. g3 Nhf6 27. Nf3 R6e7 28. Rxe5 Rxe5 29. Rxe5 Rxe5 30. Nxe5 Qxh3 31. Qd1 Qf5 32. Qe2 Qe6 33. Qe1 Qf5 34. Kg2 h5 35. c4 Nc7 36. Qe2 Ne6 37. Nf3 Kf8 38. Bc3 g5 39. Nd2 h4 40. Ne4 Nxe4 41. dxe4 Qh7 42. Qg4 hxg3 43. fxg3 Ke7 44. Qf3 Qg6 45. Qd3 Qh5 46. Be5 Ke8 47. Kg1 Qg4 48. Bf6 Kf8 49. Kf2 Kg8 50. Qd5 Qh5 51. Qa8+ Kh7 52. Qh8+ Kg6 53. Qxh5+ Kxh5 54. Be5 Kg4 55. Bb8 f5 56. exf5 Kxf5 57. Ba7 Nd4 58. Bxb6 Nxb3 59. Ke3 g4 60. Bc7 Ke6 61. Ke4 Nd2+ 62. Kd3 Nb3 63. Bf4 Kf5 64. Be3 Ke5 65. Bh6 Kf5 66. Bg7 Nc1+ 67. Kd2 Nb3+ 68. Ke3 Kg6 69. Bb2 Kf5 70. Bc3 Kg5 71. Ke4 Kg6 72. Kf4 Kh5 73. Kf5 Nc1 74. Bxa5 Ne2 75. Bc7 Nd4+ 76. Ke4 Nc6 77. Bd6 Na5 78. Kd5 Kg6 79. Bxc5 Kf5 80. Bb6 1-0

[Event "USA-ch"]
[Site "Saint Louis"]
[Date "2023.10.06"]
[Round "2"]
[White "Swiercz, Dariusz"]
[Black "So, Wesley"]
[Result "1/2-1/2"]
[WhiteElo "2620"]
[BlackElo "2753"]
[PlyCount "68"]
[EventDate "2023.10.05"]
[EventType "tourn"]
[EventRounds "11"]
[EventCountry "USA"]
[EventCategory "18"]
[SourceTitle "EXT 2024"]
[Source "ChessBase"]
[SourceDate "2023.10.10"]
[SourceVersion "1"]
[SourceVersionDate "2023.10.10"]
[SourceQuality "1"]

1. e4 e5 2. Nf3 Nc6 3. Bb5 Nf6 4. 0-0 Nxe4 5. Re1 Nd6 6. Nxe5 Be7 7. Bf1 Nxe5 8. Rxe5 0-0 9. d4 Bf6 10. Re1 Re8 11. c3 Rxe1 12. Qxe1 Nf5 13. Nd2 d5 14. Nf3 c6 15. Bf4 Nh4 16. Nxh4 Bxh4 17. Bd3 Bd7 18. Qd2 Qf8 19. Re1 Re8 20. Re3 Rxe3 21. Qxe3 Qe7 22. Qxe7 Bxe7 23. Kf1 h5 24. Ke2 g5 25. Bb8 a6 26. f4 g4 27. b4 f5 28. a4 Kf7 29. Bc7 b5 30. a5 Be6 31. Ke3 Bd7 32. Ke2 Be6 33. Ke3 Bd7 34. Ke2 Be6 1/2-1/2

[Event "USA-ch"]
[Site "Saint Louis"]
[Date "2023.10.05"]
[Round "1"]
[White "Niemann, Hans Moke"]
[Black "Swiercz, Dariusz"]
[Result "1/2-1/2"]
[WhiteElo "2667"]
[BlackElo "2620"]
[PlyCount "94"]
[EventDate "2023.10.05"]
[EventType "tourn"]
[EventRounds "11"]
[EventCountry "USA"]
[EventCategory "18"]
[SourceTitle "EXT 2024"]
[Source "ChessBase"]
[SourceDate "2023.10.10"]
[SourceVersion "1"]
[SourceVersionDate "2023.10.10"]
[SourceQuality "1"]

1. e4 e5 2. Nf3 Nc6 3. Bb5 a6 4. Ba4 Nf6 5. 0-0 Bc5 6. c3 b5 7. Bb3 d6 8. d4 Bb6 9. a4 Bg4 10. Bg5 Rb8 11. d5 Ne7 12. h3 Bh5 13. Qd3 Nd7 14. Bc2 h6 15. Bxe7 Qxe7 16. b4 0-0 17. Nbd2 Bg6 18. a5 Ba7 19. c4 Nf6 20. Qc3 Nh5 21. cxb5 Nf4 22. Kh2 axb5 23. Rae1 Qd7 24. Bb1 Rbc8 25. Rc1 f5 26. Nh4 Be8 27. exf5 Ne2 28. Qd3 Nxc1 29. Rxc1 Bxf2 30. f6 g5 31. Nhf3 Ba7 32. Qf5 Be3 33. Rc3 Bf4+ 34. g3 Bxd2 35. Nxd2 c5 36. bxc5 Rxc5 37. Rxc5 dxc5 38. Qxe5 Bf7 39. Qe4 Bh5 40. g4 Rxf6 41. gxh5 Rf2+ 42. Kg3 Rxd2 43. Qg6+ Qg7 44. Qe8+ Qf8 45. Qg6+ Qg7 46. Qe8+ Qf8 47. Qg6+ Qg7 1/2-1/2

[Event "Titled Tuesday intern op 13th Jun Late"]
[Site "Chess.com INT"]
[Date "2023.06.13"]
[Round "10"]
[White "Bazeev, German"]
[Black "Swiercz, Dariusz"]
[Result "1/2-1/2"]
[WhiteElo "2369"]
[BlackElo "2640"]
[PlyCount "178"]
[EventDate "2023.06.13"]
[EventType "swiss (blitz)"]
[EventRounds "11"]
[EventCountry "USA"]
[SourceTitle "EXT 2024"]
[Source "ChessBase"]
[SourceDate "2023.10.10"]
[SourceVersion "1"]
[SourceVersionDate "2023.10.10"]
[SourceQuality "1"]

1. c4 e5 2. Nc3 Nf6 3. Nf3 Nc6 4. e4 Bb4 5. d3 d6 6. h3 0-0 7. Be2 a6 8. 0-0 h6 9. Be3 Bc5 10. Qd2 Re8 11. Bd1 Bd7 12. Ne2 b5 13. Bb3 Be6 14. Rac1 Bxe3 15. fxe3 Ne7 16. Ng3 c5 17. Nh4 Ng6 18. Nhf5 Nh7 19. Kh2 b4 20. Ba4 Rf8 21. Rf2 Nh4 22. Rcf1 Rc8 23. Bd1 Bxf5 24. exf5 g6 25. f6 Ng5 26. Ne4 Nxe4 27. dxe4 g5 28. Bh5 Kh7 29. Qe2 Ng6 30. Bg4 Rb8 31. g3 a5 32. Qf3 Rg8 33. Rd1 Rb6 34. Rfd2 Qf8 35. Bf5 Kh8 36. Qh5 Kh7 37. h4 gxh4 38. gxh4 Qd8 39. Rf2 Qxf6 40. Bxg6+ fxg6 41. Qxh6+ Kxh6 42. Rxf6 Kg7 43. Rfxd6 Rxd6 44. Rxd6 Rf8 45. Kg2 Rh8 46. Rd5 Rxh4 47. Rxe5 a4 48. Rxc5 Rxe4 49. Kf3 Rh4 50. Rb5 a3 51. b3 Rh2 52. Rxb4 Rxa2 53. Ra4 Ra1 54. b4 g5 55. Kg2 a2 56. b5 Kf6 57. c5 Rb1 58. Rxa2 Rxb5 59. Rc2 Ke7 60. Kg3 Rb4 61. Kf3 Kd7 62. e4 Kc6 63. Rc1 Ra4 64. Rc2 Rb4 65. Rg2 Kxc5 66. Rxg5+ Kd6 67. Ra5 Ke6 68. Kf4 Rb6 69. Rh5 Rb1 70. Rh6+ Ke7 71. Ra6 Rb5 72. Ra4 Rc5 73. Rd4 Rb5 74. Rd3 Ra5 75. Rh3 Rb5 76. Rh7+ Ke6 77. Rh6+ Ke7 78. Rg6 Ra5 79. Rg3 Rb5 80. Rg6 Ra5 81. Rg2 Rb5 82. Rg1 Ra5 83. Rf1 Rb5 84. Rf3 Ra5 85. Rg3 Rb5 86. Rg2 Ra5 87. Rg5 Rxg5 88. Kxg5 Ke6 89. e5 Kxe5 1/2-1/2

[Event "Titled Tuesday intern op 13th Jun Late"]
[Site "Chess.com INT"]
[Date "2023.06.13"]
[Round "8"]
[White "Rodrigue Lemieux, Shawn"]
[Black "Swiercz, Dariusz"]
[Result "1/2-1/2"]
[WhiteElo "2469"]
[BlackElo "2640"]
[PlyCount "308"]
[EventDate "2023.06.13"]
[EventType "swiss (blitz)"]
[EventRounds "11"]
[EventCountry "USA"]
[SourceTitle "EXT 2024"]
[Source "ChessBase"]
[SourceDate "2023.10.10"]
[SourceVersion "1"]
[SourceVersionDate "2023.10.10"]
[SourceQuality "1"]

1. e4 c5 2. Nf3 Nc6 3. d4 cxd4 4. Nxd4 e5 5. Nb5 d6 6. c4 g6 7. Be3 Be6 8. Be2 a6 9. N5c3 Nf6 10. 0-0 Bg7 11. f3 0-0 12. Nd5 Bxd5 13. cxd5 Nd4 14. Nc3 Rc8 15. Rc1 Qa5 16. Bd3 Qb4 17. Qd2 Nh5 18. g3 f5 19. f4 exf4 20. gxf4 fxe4 21. Bxe4 Rce8 22. Kh1 Nf5 23. Bxf5 Rxf5 24. Rce1 Ref8 25. Qd3 Nxf4 26. Bxf4 Rxf4 27. Rxf4 Qxf4 28. Ne4 Be5 29. Qe2 Qh4 30. Rg1 Bxh2 31. Qg4 Qxg4 32. Rxg4 Be5 33. Kg2 Rc8 34. Kf3 Rc2 35. Rg1 Kg7 36. Ng5 Bxb2 37. Ne6+ Kf6 38. Ke4 Be5 39. Rf1+ Ke7 40. Ng5 Rc4+ 41. Ke3 Bf6 42. Nxh7 Bh4 43. Nf8 Bg5+ 44. Kd3 Ra4 45. Nxg6+ Ke8 46. Rf8+ Kd7 47. Rf7+ Kc8 48. Nf8 Rxa2 49. Ne6 Bh4 50. Rf8+ Kd7 51. Rf7+ Be7 52. Rh7 Ra3+ 53. Kc2 Ra5 54. Nf8+ Kd8 55. Ng6 Bf6 56. Rxb7 Rxd5 57. Nf4 Rc5+ 58. Kd3 Kc8 59. Ra7 Ra5 60. Ne6 Be5 61. Rc7+ Kb8 62. Rd7 Kc8 63. Rc7+ Kb8 64. Rd7 Ra4 65. Kc2 a5 66. Kb3 Rb4+ 67. Ka3 Bb2+ 68. Ka2 Be5 69. Ka3 Rb7 70. Rd8+ Ka7 71. Ka4 Kb6 72. Rc8 Re7 73. Nd8 Rc7 74. Rb8+ Ka7 75. Rb5 Rc4+ 76. Kb3 Rh4 77. Nc6+ Ka6 78. Rb8 Bf4 79. Rf8 Bh2 80. Nb8+ Kb7 81. Nd7 a4+ 82. Ka3 Kc7 83. Nf6 Be5 84. Nd5+ Kc6 85. Nb4+ Kb5 86. Rb8+ Kc4 87. Rc8+ Kd4 88. Kxa4 Ke3 89. Kb3 Kf2 90. Nd3+ Ke3 91. Nb4 Rh3 92. Nd5+ Kd4+ 93. Nc3 Bf4 94. Kb4 Ke5 95. Nb5 Bd2+ 96. Ka4 d5 97. Re8+ Kf5 98. Nd4+ Kf6 99. Kb5 Bc3 100. Kc5 Rh4 101. Nc6 d4 102. Kc4 Bb2 103. Ne5 d3+ 104. Kxd3 Bxe5 105. Rf8+ Ke6 106. Rf3 Kd5 107. Ke2 Ra4 108. Rd3+ Bd4 109. Rd2 Ra3 110. Rc2 Ra1 111. Rd2 Ke4 112. Rc2 Rh1 113. Rd2 Rh2+ 114. Kd1 Rh3 115. Ke2 Be3 116. Rc2 Rh2+ 117. Kd1 Rh1+ 118. Ke2 Bd4 119. Rd2 Rc1 120. Ra2 Rc8 121. Rd2 Rf8 122. Rc2 Rg8 123. Rd2 Bc3 124. Rc2 Kd4 125. Kf3 Kd3 126. Rg2 Rf8+ 127. Kg4 Bd4 128. Rg3+ Ke4 129. Rg2 Bf2 130. Kh5 Rh8+ 131. Kg4 Ke3 132. Kf5 Rf8+ 133. Ke6 Ke4 134. Rg4+ Kd3 135. Rg7 Bd4 136. Rf7 Re8+ 137. Re7 Ra8 138. Kd7 Kc4 139. Rf7 Bc5 140. Rf4+ Kb5 141. Ke6 Kc6 142. Kf5 Rg8 143. Rg4 Rf8+ 144. Ke4 Re8+ 145. Kf5 Kd5 146. Rf4 Bd6 147. Rf3 Rg8 148. Rd3+ Kc6 149. Rf3 Bc5 150. Ke4 Rg4+ 151. Rf4 Rg3 152. Rf6+ Bd6 153. Rf3 Rg4+ 154. Ke3 Kd5 1/2-1/2

[Event "Titled Tuesday intern op 13th Jun Late"]
[Site "Chess.com INT"]
[Date "2023.06.13"]
[Round "1"]
[White "Swiercz, Dariusz"]
[Black "Ai, Evan Zihao"]
[Result "1-0"]
[WhiteElo "2640"]
[BlackElo "2055"]
[PlyCount "123"]
[EventDate "2023.06.13"]
[EventType "swiss (blitz)"]
[EventRounds "11"]
[EventCountry "USA"]
[SourceTitle "EXT 2024"]
[Source "ChessBase"]
[SourceDate "2023.10.10"]
[SourceVersion "1"]
[SourceVersionDate "2023.10.10"]
[SourceQuality "1"]

1. e4 e5 2. Nf3 Nc6 3. Bb5 a6 4. Ba4 Nf6 5. d3 Bc5 6. Bxc6 dxc6 7. Nbd2 Qe7 8. Qe2 Bg4 9. h3 Bxf3 10. Nxf3 h6 11. a3 Nd7 12. b4 Bd6 13. Bb2 a5 14. c3 axb4 15. axb4 Rxa1+ 16. Bxa1 0-0 17. 0-0 b5 18. Qa2 Nb6 19. Qb3 Ra8 20. Bb2 Na4 21. Bc1 Rb8 22. Be3 c5 23. bxc5 Bxc5 24. d4 Bd6 25. Ra1 c5 26. dxc5 Nxc5 27. Bxc5 Bxc5 28. Qd5 Rd8 29. Ra8 Rxa8 30. Qxa8+ Kh7 31. Qc8 g6 32. Qc6 b4 33. cxb4 Bxb4 34. Qd5 Bd6 35. g3 Kg7 36. Kg2 Bc7 37. h4 Qd6 38. Qb5 Qe6 39. h5 g5 40. Nd2 Qb6 41. Qxb6 Bxb6 42. Nc4 Bd4 43. Nd6 Bc5 44. Nf5+ Kh7 45. f3 f6 46. Kf1 Bf8 47. Ke2 Kg8 48. Kd3 Kf7 49. Kc4 Ke6 50. Kb5 Kd7 51. Ne3 Ke6 52. Kc6 Bb4 53. Nf5 Bf8 54. Kc7 Kf7 55. Kd7 Bg7 56. Nxg7 Kxg7 57. Ke7 f5 58. exf5 g4 59. f6+ Kh7 60. f7 gxf3 61. f8Q f2 62. Qxf2 1-0